|
|
|
|
| LEADER |
00000nab a2200000 ar4500 |
| 001 |
vtls008985697 |
| 003 |
SK-MaSNL |
| 005 |
20260304145556.0 |
| 008 |
250505c2007 xo |||||||||||000 b|slo |
| 015 |
|
|
|a SNBRB2007/05
|2 snkbucl
|
| 035 |
|
|
|a (uuid)a82c16e8-5646-4cdc-a2d0-dc55c5eb7fdd
|
| 035 |
|
|
|a urn:nbn:sk:snk-ab24km
|
| 035 |
|
|
|a (urnnbn)urn:nbn:sk:snk:ar-a01lju
|
| 038 |
|
|
|a SNKBUCL
|
| 040 |
|
|
|a SNKBUCL
|b slo
|c SNKBUCL
|e AACR2
|
| 041 |
0 |
|
|a slo
|
| 044 |
|
|
|a xo
|c SK
|
| 080 |
|
|
|a 672.71:061.43
|2 2001
|
| 080 |
|
|
|a 623.444:061.43
|2 2001
|
| 100 |
1 |
|
|a Drábek, Alojz
|4 aut
|9 26329
|
| 245 |
1 |
0 |
|a Košická výstava nožov a chladných zbraní
|c pripravil Alojz Drábek
|
| 300 |
|
|
|b Fotogr.
|
| 611 |
2 |
7 |
|a Košická výstava nožov a chladných zbraní
|n (2. :
|d 2006 :
|c Košice, Slovensko)
|2 snkbucl
|9 100377
|
| 650 |
0 |
7 |
|a nože
|2 snkbucl
|9 26364
|
| 650 |
0 |
7 |
|a chladné zbrane
|2 snkbucl
|9 28988
|
| 651 |
|
7 |
|a Košice (Slovensko)
|2 snkbucl
|9 18694
|
| 773 |
0 |
|
|t Zbrane, strelci a lovci
|g Roč. VIII, č. 1 (2007), s. 40-42
|x 1335-5740
|
| 850 |
|
|
|a Slovenská národná knižnica
|
| 852 |
|
|
|a Slovenská národná knižnica
|
| 954 |
|
|
|a odborná, vedecká literatúra pôvodná (slovenská)
|2 lita
|
| 958 |
|
|
|a article27
|
| 958 |
|
|
|a SK
|
| 958 |
|
|
|a OND
|
| 958 |
|
|
|a EUIPO
|
| 999 |
|
|
|c 2936049
|d 2937979
|